[Event "PRO League Group Stage"]
[Site "chess.com INT"]
[Date "2019.02.21"]
[Round "7"]
[White "Gorovets, Andrey"]
[Black "Usmanov, Vasily"]
[Result "1/2-1/2"]
[WhiteTitle "GM"]
[BlackTitle "IM"]
[WhiteElo "2509"]
[BlackElo "2450"]
[WhiteTeam "Dallas Destiny"]
[BlackTeam "Moscow Wizards"]
[WhiteFideId "13504037"]
[BlackFideId "4135741"]
[EventDate "2019.01.08"]

1. d4 Nf6 2. Bf4 Nh5 3. Bg5 h6 4. Bh4 g5 5. e3 Ng7 6. Bg3 d6 7. f3 Nf5 8. Bf2
Bg7 9. e4 Nh4 10. Nc3 c5 11. dxc5 Nc6 12. cxd6 Qa5 13. Qd2 Be6 14. dxe7 Kxe7 15.
Nge2 Rhd8 16. Nd5+ Bxd5 17. Qxa5 Nxa5 18. exd5 Bxb2 19. Rb1 Nc4 20. Bd4 Bxd4 21.
Rxb7+ Kf6 22. Nxd4 Rxd5 23. Rxf7+ Kxf7 24. Bxc4 Nxg2+ 25. Kf2 Nf4 26. h4 Rc8 27.
Bxd5+ Nxd5 28. hxg5 hxg5 29. Rh7+ Kg6 30. Rxa7 Rc4 31. Ra6+ Kf7 32. Ne6 Rxc2+
33. Kg3 Nb4 34. Nxg5+ Kg7 35. Rb6 Nxa2 36. Kg4 Nc3 37. Rc6 Nd5 38. Ra6 Rg2+ 39.
Kh4 Nf4 40. Ne6+ Nxe6 41. Rxe6 Kf7 42. Re4 Kf6 43. Rg4 Rxg4+ 44. Kxg4 Kg6 45.
Kf4 Kf6 46. Kg4 Kg6 47. f4 Kf6 48. f5 Kf7 49. Kg5 Kg7 50. f6+ Kf7 51. Kf5 Kf8
52. Kg6 Kg8 53. f7+ Kf8 54. Kf6 1/2-1/2

[Event "PRO League Group Stage"]
[Site "chess.com INT"]
[Date "2019.02.21"]
[Round "7"]
[White "Seliverstov, Vladimir"]
[Black "Toolin, Christopher"]
[Result "0-1"]
[WhiteTitle "IM"]
[WhiteElo "2462"]
[BlackElo "2170"]
[WhiteTeam "Moscow Wizards"]
[BlackTeam "Dallas Destiny"]
[WhiteFideId "4192036"]
[BlackFideId "2024543"]
[EventDate "2019.01.08"]

1. d4 Nf6 2. c4 e6 3. g3 d5 4. Bg2 dxc4 5. Nf3 a6 6. O-O Nc6 7. e3 Rb8 8. Nfd2
e5 9. Nxc4 exd4 10. exd4 Nxd4 11. Re1+ Be7 12. Be3 Ne6 13. Qc2 O-O 14. Nc3 c5
15. Rad1 Qc7 16. Ne4 Nxe4 17. Bxe4 h6 18. Bh7+ Kh8 19. Bf5 b5 20. Bxe6 fxe6 21.
Ne5 Qxe5 22. Bf4 Qh5 23. Bxb8 Bb7 24. Rd7 Bc6 25. Rc7 Bd5 26. Qe2 Qxe2 27. Rxe2
Bd6 28. Rc8 Rxc8 29. Bxd6 Bxa2 30. f4 Bd5 31. Rc2 c4 32. Kf2 Kh7 33. Ke3 a5 34.
Rc1 b4 35. Ra1 c3 36. bxc3 Rxc3+ 37. Kd2 Rc6 38. Be7 b3 39. Ba3 Rc2+ 40. Kd3
Rxh2 41. Kd4 Rg2 42. f5 Rxg3 43. Bb2 Rg2 44. Bc3 a4 45. Rxa4 Rg4+ 0-1

[Event "PRO League Group Stage"]
[Site "chess.com INT"]
[Date "2019.02.21"]
[Round "7"]
[White "Meshkovs, Nikita"]
[Black "Xiong, Jeffery"]
[Result "0-1"]
[WhiteTitle "GM"]
[BlackTitle "GM"]
[WhiteElo "2557"]
[BlackElo "2672"]
[WhiteTeam "Estonia Horses"]
[BlackTeam "Dallas Destiny"]
[WhiteFideId "11602740"]
[BlackFideId "2047640"]
[EventDate "2019.01.08"]

1. c4 e5 2. g3 Nf6 3. Bg2 d5 4. cxd5 Nxd5 5. Nc3 Nxc3 6. bxc3 Nc6 7. d3 Bc5 8.
Nf3 O-O 9. O-O Rb8 10. Rb1 b6 11. Qa4 Qe8 12. Ba3 Bxa3 13. Qxa3 Bb7 14. Rfd1 Na5
15. e3 e4 16. Nd4 Rd8 17. c4 exd3 18. Bxb7 Nxb7 19. Rxd3 Nc5 20. Rdd1 a5 21. Qb2
Qe4 22. Qe2 Rxd4 0-1

[Event "PRO League Group Stage"]
[Site "chess.com INT"]
[Date "2019.02.21"]
[Round "7"]
[White "Holt, Conrad"]
[Black "Ehlvest, Jaan"]
[Result "1/2-1/2"]
[WhiteTitle "GM"]
[BlackTitle "GM"]
[WhiteElo "2548"]
[BlackElo "2521"]
[WhiteTeam "Dallas Destiny"]
[BlackTeam "Estonia Horses"]
[WhiteFideId "2034387"]
[BlackFideId "4500016"]
[EventDate "2019.01.08"]

1. d4 Nf6 2. c4 d6 3. Nf3 Nbd7 4. Nc3 g6 5. e4 e5 6. Bd3 exd4 7. Nxd4 Bg7 8. O-O
O-O 9. Bg5 h6 10. Bh4 c6 11. Kh1 Qb6 12. Nb3 a5 13. f4 a4 14. Bf2 Qb4 15. Nd4
Nc5 16. Rb1 Re8 17. Re1 Nh5 18. f5 Nf6 19. a3 Qa5 20. Bc2 Nfd7 21. Nf3 Ne5 22.
Qxd6 Ncd3 23. Bxd3 Rd8 24. Qe7 Nxd3 25. Bh4 g5 26. Bg3 Bf8 27. Qf6 Bg7 28. Qe7
Bf8 29. Qf6 Bg7 30. Qe7 Bf8 31. Qf6 1/2-1/2

[Event "PRO League Group Stage"]
[Site "chess.com INT"]
[Date "2019.02.21"]
[Round "7"]
[White "Burg, Twan"]
[Black "Gorovets, Andrey"]
[Result "0-1"]
[WhiteTitle "GM"]
[BlackTitle "GM"]
[WhiteElo "2514"]
[BlackElo "2509"]
[WhiteTeam "Estonia Horses"]
[BlackTeam "Dallas Destiny"]
[WhiteFideId "1010697"]
[BlackFideId "13504037"]
[EventDate "2019.01.08"]

1. d4 f5 2. Nf3 Nf6 3. g3 e6 4. Bg2 d5 5. O-O Bd6 6. c4 O-O 7. Nc3 c6 8. Bf4
Bxf4 9. gxf4 dxc4 10. Ne5 Nd5 11. e3 b5 12. a4 b4 13. Nb1 Ba6 14. Re1 Nd7 15.
Nxc6 Qb6 16. Ne5 Nxe5 17. fxe5 Rfd8 18. Nd2 Rac8 19. Rc1 c3 20. Nb3 cxb2 21.
Rxc8 Rxc8 22. Qd2 Nc3 23. Qxb2 Nxa4 24. Qd2 Bc4 25. Rc1 Nc3 26. Nc5 Ne2+ 27. Kh1
Nxc1 28. Qxc1 b3 29. Na4 Qb4 30. Nb2 Ba6 31. Qa1 Bb7 32. Kg1 Bxg2 33. Kxg2 Qb7+
34. Kg3 Qe4 35. h3 f4+ 36. exf4 Rc3+ 37. Kh2 Qxf4+ 38. Kg2 Qe4+ 39. Kh2 Qxd4 40.
Qe1 Rc2 41. Nd1 b2 42. Ne3 Rxf2+ 43. Qxf2 Qxe5+ 44. Kg2 b1=Q 45. Ng4 Qee4+ 46.
Kh2 Qbc2 47. Kg3 Qxf2+ 48. Nxf2 Qd5 49. h4 a5 50. h5 a4 51. h6 a3 52. hxg7 a2
53. Ng4 Kxg7 54. Kh4 a1=Q 55. Ne3 Qe4+ 56. Kg5 Qxe3+ 57. Kh5 Qee5+ 58. Kg4 Qf5+
59. Kh4 e5 60. Kg3 e4 61. Kh4 e3 62. Kg3 e2 63. Kg2 e1=Q 64. Kh2 Qh4+ 65. Kg2
Qfg5+ 66. Kf3 Qhf4+ 67. Ke2 h5 68. Kd3 h4 69. Ke2 h3 70. Kd3 h2 71. Ke2 h1=Q 72.
Kd3 Qhg1 73. Ke2 Qac1 74. Kd3 Qge3# 0-1

[Event "PRO League Group Stage"]
[Site "chess.com INT"]
[Date "2019.02.21"]
[Round "7"]
[White "Toolin, Christopher"]
[Black "Chukavin, Kirill"]
[Result "1-0"]
[BlackTitle "FM"]
[WhiteElo "2170"]
[BlackElo "2307"]
[WhiteTeam "Dallas Destiny"]
[BlackTeam "Estonia Horses"]
[WhiteFideId "2024543"]
[BlackFideId "4503023"]
[EventDate "2019.01.08"]

1. d4 Nf6 2. c4 e6 3. Nf3 d5 4. Nc3 c6 5. g3 Nbd7 6. Bg2 dxc4 7. O-O Be7 8. e4
O-O 9. a4 a5 10. Qe2 Nb6 11. Rd1 Bd7 12. Ne5 Qc8 13. Nxc4 Nxc4 14. Qxc4 Rd8 15.
Bg5 h6 16. Be3 Bb4 17. Na2 Be7 18. Rac1 Qb8 19. Qe2 Be8 20. Nc3 Bb4 21. Na2 Be7
22. Nc3 Bf8 23. f4 Ra6 24. g4 b5 25. g5 hxg5 26. fxg5 Nh7 27. axb5 cxb5 28. e5
Be7 29. h4 Nf8 30. h5 Nh7 31. Qg4 Rc8 32. Ne4 Rxc1 33. Rxc1 Qd8 34. Nf6+ Kh8 35.
Be4 gxf6 36. gxf6 Nxf6 37. exf6 Bxf6 38. d5 Bd7 39. d6 Bxb2 40. Qf4 Qg8+ 41. Kh1
Qf8 42. Rg1 f5 43. Bd3 e5 44. Qg5 Rxd6 45. Bc2 f4 46. Bc5 Bc6+ 47. Kh2 Rd2+ 48.
Kh3 Qc8+ 49. Bf5 Rd3+ 50. Kh4 Rh3+ 51. Kxh3 Qe8 52. Qh6# 1-0

[Event "PRO League Group Stage"]
[Site "chess.com INT"]
[Date "2019.02.21"]
[Round "7"]
[White "Grigoriants, Sergey"]
[Black "Tomczak, Jacek"]
[Result "1-0"]
[WhiteTitle "GM"]
[BlackTitle "GM"]
[WhiteElo "2541"]
[BlackElo "2631"]
[WhiteTeam "Moscow Wizards"]
[BlackTeam "Berlin Bears"]
[WhiteFideId "4130804"]
[BlackFideId "1124668"]
[EventDate "2019.01.08"]

1. d4 Nf6 2. Nf3 g6 3. Bg5 Bg7 4. Nbd2 d5 5. e3 O-O 6. Be2 c5 7. c3 b6 8. O-O
Bb7 9. Bh4 Nbd7 10. b4 cxb4 11. cxb4 Re8 12. Qb3 e5 13. dxe5 Nxe5 14. Rac1 Neg4
15. Nd4 h5 16. h3 Ne5 17. Rc2 Qe7 18. Rfc1 Rec8 19. Rxc8+ Rxc8 20. Rxc8+ Bxc8
21. f4 Nc4 22. Nxc4 dxc4 23. Bxc4 Bb7 24. a3 Qd7 25. Bxf6 Bxf6 26. Qd3 Kh7 27.
Nf3 Qe7 28. Kf2 Be4 29. Qd2 Qc7 30. Bd5 Bb1 31. e4 Bc3 32. Qe3 Kg7 33. Ng5 Bf6
34. e5 Bxg5 35. fxg5 Qc2+ 36. Kg3 Qf5 37. Bf3 Bc2 38. h4 Qd7 39. Qc3 Qd3 40.
Qxd3 Bxd3 41. Kf4 Kf8 42. g4 hxg4 43. Bxg4 Ke7 44. Ke3 Bc4 45. Kd4 Bb3 46. h5
gxh5 47. Bxh5 Ba2 48. Be2 Be6 49. Bd3 Bc8 50. Bc4 Bh3 51. Ke4 Bg2+ 52. Kf4 Bh3
53. Ke3 Bg2 54. Kd4 Bh3 55. a4 Bg2 56. a5 Bf3 57. Bd5 Be2 58. axb6 axb6 59. Bb7
Bf1 60. Bc8 Be2 61. Kd5 Bf3+ 62. Kc4 Be2+ 63. Kd4 Bf1 64. Bf5 Ba6 65. Bd3 Bc8
66. Bc4 Bh3 67. Bb3 Bf1 68. e6 fxe6 69. Ke5 Kf7 70. Bxe6+ Kg6 71. Kf4 Bd3 72.
Bd5 Kg7 73. Be4 Bc4 74. Ke5 Be2 75. Kd6 Kf7 76. Kc6 b5 77. Kc5 Kg7 78. Kd4 Bd1
79. Bd3 Bg4 80. Kc5 Bd7 81. Bxb5 Bf5 82. Kd4 1-0

[Event "PRO League Group Stage"]
[Site "chess.com INT"]
[Date "2019.02.21"]
[Round "7"]
[White "Braun, Arik"]
[Black "Dobrov, Vladimir"]
[Result "0-1"]
[WhiteTitle "GM"]
[BlackTitle "GM"]
[WhiteElo "2598"]
[BlackElo "2478"]
[WhiteTeam "Berlin Bears"]
[BlackTeam "Moscow Wizards"]
[WhiteFideId "4663527"]
[BlackFideId "4136594"]
[EventDate "2019.01.08"]

1. d4 Nf6 2. c4 c5 3. d5 b5 4. cxb5 a6 5. bxa6 g6 6. Nc3 Bxa6 7. e4 Bxf1 8. Kxf1
d6 9. Nf3 Nbd7 10. g3 Bg7 11. Kg2 O-O 12. a4 Qa5 13. Bd2 Qb4 14. Qc2 Rfb8 15.
Ra2 Ne8 16. Nb5 Qxb5 17. axb5 Rxa2 18. Bc3 Rxb5 19. Rb1 Bxc3 20. Qxc3 Rb4 21. e5
Nc7 22. exd6 exd6 23. Qd2 Nf6 24. h4 Kg7 25. Ne1 h5 26. Nf3 Ncxd5 27. Ng5 Ra7
28. Rc1 Rd7 29. Rc2 Ne7 30. Qc3 Nf5 31. Nh7 Nd4 32. Nxf6 Kxf6 33. Rd2 Rdb7 34.
Qa3 Kg7 35. Qa6 R4b6 36. Qa3 Rb3 37. Qa6 R7b6 38. Qa2 Nf5 39. Qb1 R6b4 40. Qa2
Nd4 41. Qa6 Rb6 42. Qa2 Nf5 43. Qb1 Ra6 44. Qd1 Rb4 45. Qc2 Rab6 46. Qc3+ Nd4
47. Qa3 Rb3 48. Qa2 Nf5 49. Qb1 R6b4 50. Qa2 d5 51. Qa5 d4 52. Qxc5 Rxb2 53.
Qe5+ Kh7 54. Qf6 Rxd2 55. Qxf7+ Ng7 56. g4 hxg4 57. Kg3 Rbb2 58. Qd7 Rxf2 59.
Kxg4 Rbd2 60. Kg3 d3 61. Kg4 Rf1 62. Kg3 Rdd1 63. h5 gxh5 64. Kh2 d2 65. Qd3+
Kh6 66. Qd6+ Kh7 67. Qd3+ Nf5 68. Qd7+ Kg6 69. Qe8+ Kg5 70. Qg8+ Kf4 71. Qb8+
Kf3 72. Qb7+ Kf2 73. Qg2+ Ke3 74. Qg5+ Rf4 75. Qd8 Re1 76. Qb6+ Nd4 0-1

[Event "PRO League Group Stage"]
[Site "chess.com INT"]
[Date "2019.02.21"]
[Round "7"]
[White "Usmanov, Vasily"]
[Black "Bezold, Michael"]
[Result "1/2-1/2"]
[WhiteTitle "IM"]
[BlackTitle "GM"]
[WhiteElo "2450"]
[BlackElo "2487"]
[WhiteTeam "Moscow Wizards"]
[BlackTeam "Berlin Bears"]
[WhiteFideId "4135741"]
[BlackFideId "4601718"]
[EventDate "2019.01.08"]

1. d4 Nf6 2. c4 c5 3. Nf3 e6 4. a3 cxd4 5. Nxd4 Nc6 6. Nc3 Bc5 7. Nb3 Be7 8. g3
O-O 9. Bg2 a6 10. O-O Ne5 11. c5 d5 12. cxd6 Bxd6 13. Bf4 Nc4 14. Bxd6 Nxd6 15.
Rc1 Qe7 16. Qd4 e5 17. Qb4 Be6 18. Rfd1 Rfd8 19. Nc5 a5 20. Qa4 h6 21. Nxe6 Qxe6
22. Nd5 b5 23. Qh4 Rab8 24. Bh3 Qxd5 25. Rxd5 Nxd5 26. Rd1 Nf6 27. g4 Nde4 28.
Rxd8+ Rxd8 29. f3 Rd1+ 30. Kg2 Ng5 31. Qg3 Nd5 32. Qxe5 f6 33. Qe8+ Kh7 34. Kg3
f5 35. gxf5 Nf6 36. Qg6+ Kg8 37. Bg2 Rd2 38. e4 Nf7 39. Kh4 Rxb2 40. Qg3 b4 41.
axb4 axb4 42. e5 Nxe5 43. Qxe5 Rxg2 44. Kh3 Rg5 45. Qb8+ Kh7 46. Qxb4 Rxf5 47.
Qb1 Kg6 48. f4 Nd5 49. Kg4 h5+ 50. Kf3 Nxf4 51. h4 Nd5+ 52. Kg3 Nf6 1/2-1/2

[Event "PRO League Group Stage"]
[Site "chess.com INT"]
[Date "2019.02.21"]
[Round "7"]
[White "Hoolt, Sarah"]
[Black "Seliverstov, Vladimir"]
[Result "0-1"]
[WhiteTitle "WGM"]
[BlackTitle "IM"]
[WhiteElo "2358"]
[BlackElo "2462"]
[WhiteTeam "Berlin Bears"]
[BlackTeam "Moscow Wizards"]
[WhiteFideId "24606812"]
[BlackFideId "4192036"]
[EventDate "2019.01.08"]

1. e4 g6 2. d4 Bg7 3. Nc3 d6 4. Be3 a6 5. Qd2 b5 6. f3 Nd7 7. h4 h6 8. O-O-O Bb7
9. h5 g5 10. g3 c5 11. Bh3 cxd4 12. Bxd7+ Qxd7 13. Bxd4 Nf6 14. Nd5 Bxd5 15.
exd5 O-O 16. Ne2 Qf5 17. f4 g4 18. Be3 Rac8 19. Kb1 Nxd5 20. Nd4 Qf6 21. c3 b4
22. c4 Nxe3 23. Qxe3 Rxc4 0-1

[Event "PRO League Group Stage"]
[Site "chess.com INT"]
[Date "2019.02.21"]
[Round "7"]
[White "Giri, Anish"]
[Black "Lenic, Luka"]
[Result "1/2-1/2"]
[WhiteTitle "GM"]
[BlackTitle "GM"]
[WhiteElo "2783"]
[BlackElo "2645"]
[WhiteTeam "Montreal Chessbrahs"]
[BlackTeam "Ljubljana Turtles"]
[WhiteFideId "24116068"]
[BlackFideId "14603853"]
[EventDate "2019.01.08"]

1. c4 e6 2. Nc3 c5 3. Nf3 Nf6 4. e3 Nc6 5. d4 d5 6. cxd5 Nxd5 7. Bd3 Be7 8. a3
cxd4 9. exd4 Nf6 10. O-O O-O 11. Bc2 b6 12. Qd3 Bb7 13. Re1 g6 14. Bh6 Re8 15.
Rad1 Rc8 16. Ba4 a6 17. Ng5 Bf8 18. Bxf8 Rxf8 19. Nge4 Na5 20. Re2 Nxe4 21. Nxe4
b5 22. Bc2 Bxe4 23. Qxe4 Nc4 24. Bb3 Qd7 25. h4 Rfd8 26. Qf4 h5 27. Qf6 Rc6 28.
Qg5 Rd6 29. Bxc4 bxc4 30. Re4 Rd5 31. Qc1 Qb5 32. Qc2 a5 33. Rxe6 fxe6 34. Qxg6+
Kh8 35. Qh6+ Kg8 36. Qxe6+ Kg7 37. Qe7+ Kg8 38. Qe6+ Kg7 39. Qe7+ Kg8 40. Qe6+
Kg7 1/2-1/2

[Event "PRO League Group Stage"]
[Site "chess.com INT"]
[Date "2019.02.21"]
[Round "7"]
[White "Borisek, Jure"]
[Black "Hansen, Eric"]
[Result "1-0"]
[WhiteTitle "GM"]
[BlackTitle "GM"]
[WhiteElo "2584"]
[BlackElo "2615"]
[WhiteTeam "Ljubljana Turtles"]
[BlackTeam "Montreal Chessbrahs"]
[WhiteFideId "14603152"]
[BlackFideId "2606771"]
[EventDate "2019.01.08"]

1. e4 e5 2. Nf3 Nc6 3. Bb5 a6 4. Ba4 Nf6 5. O-O Be7 6. Re1 b5 7. Bb3 d6 8. c3
O-O 9. h3 Na5 10. Bc2 c5 11. d4 Nd7 12. dxc5 dxc5 13. Qe2 Qc7 14. Nbd2 Re8 15.
Nf1 Nf6 16. Ne3 Bb7 17. Nf5 Bf8 18. Nh2 Nc4 19. Ng4 Nxg4 20. hxg4 Rad8 21. b3
Nd6 22. f3 c4 23. b4 f6 24. Be3 Nf7 25. Bf2 Ng5 26. Ne3 Ne6 27. Nd5 Bxd5 28.
exd5 Nf4 29. Qe4 g6 30. Rad1 Qf7 31. d6 Re6 32. Be3 Rexd6 33. Bxf4 exf4 34. Qxf4
Kg7 35. Kf1 Rxd1 36. Rxd1 Rxd1+ 37. Bxd1 Qd7 38. Bc2 Bd6 39. Qd4 Qc7 40. Be4 Be5
41. Qd2 Bf4 42. Qd4 Be5 43. Qd2 Qe7 44. Kf2 Qa7+ 45. Kf1 Bh2 46. Qf2 Qc7 47. Qd2
Be5 48. Ke2 Qe7 49. Kd1 Qa7 50. f4 Bb8 51. Kc2 Qe7 52. Bf3 g5 53. fxg5 fxg5 54.
Qd4+ Be5 55. Qb6 Bf6 56. Qb7 Kf7 57. Qxe7+ Kxe7 58. Bb7 a5 59. bxa5 Be5 60. Bc6
Kd6 61. Bxb5 Kc5 62. a6 Bb8 63. a4 Ba7 64. Kd2 Kd5 65. Ke2 h6 66. Kf3 Bc5 67.
Be8 Ba7 68. Bf7+ Ke5 69. Bxc4 Bc5 70. Bb5 Ba7 71. Bc6 Bc5 72. Ke2 Kd6 73. Bf3
Ba7 74. Kd3 Ke5 75. Kc4 1-0

[Event "PRO League Group Stage"]
[Site "chess.com INT"]
[Date "2019.02.21"]
[Round "7"]
[White "Noritsyn, Nikolay"]
[Black "Skoberne, Jure"]
[Result "1-0"]
[WhiteTitle "IM"]
[BlackTitle "GM"]
[WhiteElo "2484"]
[BlackElo "2582"]
[WhiteTeam "Montreal Chessbrahs"]
[BlackTeam "Ljubljana Turtles"]
[WhiteFideId "2604922"]
[BlackFideId "14604299"]
[EventDate "2019.01.08"]

1. e4 d6 2. d4 Nf6 3. Nc3 g6 4. h3 Bg7 5. g4 h5 6. g5 Nfd7 7. Bg2 Nc6 8. d5 Nd4
9. Be3 c5 10. dxc6 Nxc6 11. Nge2 O-O 12. f4 Nb6 13. b3 e5 14. f5 gxf5 15. exf5
Bxf5 16. Ng3 Bg6 17. Nxh5 Nb4 18. Ne4 N6d5 19. Bd2 Rc8 20. O-O Nxc2 21. Nef6+
Bxf6 22. Bxd5 Bxg5 23. Qg4 Ne3 24. Nf6+ Qxf6 25. Rxf6 Nxg4 26. Rxg6+ 1-0

[Event "PRO League Group Stage"]
[Site "chess.com INT"]
[Date "2019.02.21"]
[Round "7"]
[White "Skuhala, Luka"]
[Black "Tomb, Maroun"]
[Result "1/2-1/2"]
[BlackTitle "CM"]
[WhiteElo "2119"]
[BlackElo "2180"]
[WhiteTeam "Ljubljana Turtles"]
[BlackTeam "Montreal Chessbrahs"]
[WhiteFideId "14605678"]
[BlackFideId "5300398"]
[EventDate "2019.01.08"]

1. e4 d6 2. d4 Nf6 3. Nc3 e5 4. Nf3 Nbd7 5. g4 Nxg4 6. Rg1 Ngf6 7. Be3 c6 8. Qd2
b5 9. Bd3 Qc7 10. O-O-O Bb7 11. Qe1 h6 12. h4 a5 13. d5 b4 14. dxc6 bxc3 15.
cxd7+ Nxd7 16. Qxc3 Qxc3 17. bxc3 g6 18. Bb5 O-O-O 19. Nd2 d5 20. exd5 Bxd5 21.
c4 Be6 22. Nb3 Kc7 23. a4 Bb4 24. Kb2 Ra8 25. f4 Bd6 26. c5 Be7 27. fxe5 Rhd8
28. c4 Bxh4 29. Bd2 Nxe5 30. Bxa5+ Rxa5 31. Nxa5 Ra8 32. Nb3 Nxc4+ 33. Bxc4 Bxc4
34. Kc3 Rxa4 35. Rh1 Bf6+ 36. Nd4 h5 37. Rhe1 Ba6 38. Ra1 Rc4+ 39. Kb3 Bxd4 40.
Rxa6 Rxc5 41. Re7+ Kb8 42. Rb6+ Kc8 43. Ra6 Kb8 44. Rd6 Rc3+ 45. Ka2 Bf2 46.
Rd8+ Rc8 47. Rd2 Bb6 48. Rxf7 h4 49. Rd6 Bc7 50. Rxg6 h3 51. Rh6 h2 52. Rfh7 Rd8
53. Kb3 Rd1 54. Kc4 Rc1+ 55. Kb5 Kb7 56. Kb4 Rb1+ 57. Ka3 Rc1 58. Kb2 Rg1 59.
Kc2 Rg2+ 60. Kb3 Rg1 61. Rxh2 1/2-1/2

[Event "PRO League Group Stage"]
[Site "chess.com INT"]
[Date "2019.02.21"]
[Round "7"]
[White "Jobava, Baadur"]
[Black "Postny, Evgeny"]
[Result "0-1"]
[WhiteTitle "GM"]
[BlackTitle "GM"]
[WhiteElo "2629"]
[BlackElo "2623"]
[WhiteTeam "Tbilisi Gentlemen"]
[BlackTeam "Pittsburgh Pawngrabbers"]
[WhiteFideId "13601520"]
[BlackFideId "2804344"]
[EventDate "2019.01.08"]

1. d4 d5 2. c4 c6 3. Nc3 Nf6 4. Nf3 a6 5. cxd5 cxd5 6. Bf4 Nc6 7. Ne5 e6 8. e3
Nxe5 9. Bxe5 Bd6 10. Bd3 Bxe5 11. dxe5 Nd7 12. f4 Qb6 13. Qd2 Nc5 14. Bc2 Bd7
15. O-O Qxb2 16. Rab1 Qa3 17. f5 Rc8 18. f6 gxf6 19. Rxf6 Rg8 20. Bxh7 Rg7 21.
Bc2 Bc6 22. g3 Nd7 23. Rf2 Rg4 24. Bd1 Rc4 25. Ne2 Nxe5 26. Nd4 Qd3 27. Qxd3
Nxd3 28. Rd2 Nc5 29. Bc2 Rc3 30. Kf2 Bd7 31. Rb6 e5 32. Re2 exd4 33. exd4+ Ne6
34. Bb3 Bc6 0-1

[Event "PRO League Group Stage"]
[Site "chess.com INT"]
[Date "2019.02.21"]
[Round "7"]
[White "Shabalov, Alexander"]
[Black "Paichadze, Luka"]
[Result "1-0"]
[WhiteTitle "GM"]
[BlackTitle "GM"]
[WhiteElo "2529"]
[BlackElo "2583"]
[WhiteTeam "Pittsburgh Pawngrabbers"]
[BlackTeam "Tbilisi Gentlemen"]
[WhiteFideId "2008572"]
[BlackFideId "13602934"]
[EventDate "2019.01.08"]

1. e4 c6 2. d4 d5 3. e5 Bf5 4. Nf3 e6 5. Be2 Nd7 6. O-O Nh6 7. Nbd2 Be7 8. a4
Bg6 9. a5 O-O 10. c4 Nf5 11. Nb3 dxc4 12. Bxc4 Bh5 13. h3 Nh4 14. g4 Nxf3+ 15.
Qxf3 Bg6 16. Be3 c5 17. Rac1 cxd4 18. Bxd4 Bg5 19. Rc3 Qb8 20. Re1 b5 21. Bf1 b4
22. Rc6 f6 23. exf6 Nxf6 24. Rcxe6 Qd8 25. Bc5 Rf7 26. Bc4 Kh8 27. R6e5 Bh4 28.
g5 Ne4 29. Bxf7 Nxg5 30. Qxa8 Nxh3+ 31. Kh2 1-0

[Event "PRO League Group Stage"]
[Site "chess.com INT"]
[Date "2019.02.21"]
[Round "7"]
[White "Quparadze, Giga"]
[Black "Le, Tuan Minh"]
[Result "1-0"]
[WhiteTitle "GM"]
[BlackTitle "IM"]
[WhiteElo "2493"]
[BlackElo "2515"]
[WhiteTeam "Tbilisi Gentlemen"]
[BlackTeam "Pittsburgh Pawngrabbers"]
[WhiteFideId "13602250"]
[BlackFideId "12401153"]
[EventDate "2019.01.08"]

1. e4 c5 2. Nf3 Nf6 3. Nc3 d5 4. exd5 Nxd5 5. Bb5+ Bd7 6. Ne5 Nf6 7. Qf3 Qc8 8.
a4 e6 9. O-O a6 10. Be2 Nc6 11. Nxc6 Bxc6 12. Qg3 Qb8 13. d3 Bd6 14. Qh4 O-O 15.
Bg5 Be5 16. Rae1 b5 17. Be3 Qd6 18. Rd1 Rfd8 19. Ne4 Bxe4 20. dxe4 Qc6 21. axb5
axb5 22. c3 c4 23. f4 Qxe4 24. Qf2 Bc7 25. Bf3 Qf5 26. Bxa8 Rxa8 27. Bb6 Bxb6
28. Qxb6 h5 29. Rd8+ Rxd8 30. Qxd8+ Kh7 31. Qd1 Nd5 32. Qf3 g6 33. h3 Qc2 34.
Qf2 Qd3 35. Re1 Qf5 36. Rf1 Qd3 37. Qf3 Qc2 38. Rf2 Qc1+ 39. Kh2 Kg7 40. g4 hxg4
41. hxg4 Nf6 42. Kg2 Qb1 43. f5 exf5 44. gxf5 g5 45. Qe3 Kh6 46. Qe5 Kg7 47. Rd2
g4 48. Rd6 Qe4+ 49. Qxe4 Nxe4 50. Rd4 Nc5 51. Rd5 Ne4 52. Rxb5 Kf6 53. Rd5 Kg5
54. Rd4 Kxf5 55. Rxc4 Ke5 56. Rc8 f5 57. Rg8 Kf4 58. c4 Ke3 59. Kg1 g3 60. c5 f4
61. c6 f3 62. c7 Ke2 63. Rf8 Nd6 64. b4 Nc4 65. c8=Q f2+ 66. Kg2 1-0

[Event "PRO League Group Stage"]
[Site "chess.com INT"]
[Date "2019.02.21"]
[Round "7"]
[White "Canty, James"]
[Black "Volkov, Nika"]
[Result "0-1"]
[WhiteElo "2222"]
[BlackElo "2153"]
[WhiteTeam "Pittsburgh Pawngrabbers"]
[BlackTeam "Tbilisi Gentlemen"]
[WhiteFideId "2055945"]
[BlackFideId "13604376"]
[EventDate "2019.01.08"]

1. e4 e6 2. d4 d5 3. Nc3 Bb4 4. e5 c5 5. Bd2 Nc6 6. Nb5 Bxd2+ 7. Qxd2 Nge7 8. f4
O-O 9. Nf3 cxd4 10. Nd6 f6 11. O-O-O fxe5 12. fxe5 Ng6 13. Re1 Ngxe5 14. Nxe5
Qxd6 15. Qg5 Rf5 16. Qh4 Nxe5 17. g4 Rf4 18. Qg3 Nf3 19. Re2 e5 20. Bg2 Bxg4 21.
h3 Bh5 22. Rf1 Raf8 23. Bh1 d3 24. cxd3 Nd4 0-1

[Event "PRO League Group Stage"]
[Site "chess.com INT"]
[Date "2019.02.21"]
[Round "7"]
[White "Xiong, Jeffery"]
[Black "Giri, Anish"]
[Result "1/2-1/2"]
[WhiteTitle "GM"]
[BlackTitle "GM"]
[WhiteElo "2672"]
[BlackElo "2783"]
[WhiteTeam "Dallas Destiny"]
[BlackTeam "Montreal Chessbrahs"]
[WhiteFideId "2047640"]
[BlackFideId "24116068"]
[EventDate "2019.01.08"]

1. e4 c5 2. Nf3 Nc6 3. Bb5 g6 4. Bxc6 dxc6 5. d3 Bg7 6. O-O Qc7 7. a4 a5 8. Nfd2
Nh6 9. Na3 Ng4 10. Nf3 O-O 11. h3 Nf6 12. Bd2 e5 13. Nc4 Nh5 14. Qc1 Be6 15. Bh6
Bxc4 16. Bxg7 Kxg7 17. dxc4 Nf4 18. Qe3 b6 19. Rad1 Rad8 20. h4 h5 21. Ng5 Qe7
22. g3 Ne6 23. Nxe6+ Qxe6 24. Qb3 Rd4 25. Qxb6 Rxc4 26. Qxa5 Rxc2 27. Rc1 Qb3
28. Rxc2 Qxc2 29. Qc3 1/2-1/2

[Event "PRO League Group Stage"]
[Site "chess.com INT"]
[Date "2019.02.21"]
[Round "7"]
[White "Hansen, Eric"]
[Black "Holt, Conrad"]
[Result "1-0"]
[WhiteTitle "GM"]
[BlackTitle "GM"]
[WhiteElo "2615"]
[BlackElo "2548"]
[WhiteTeam "Montreal Chessbrahs"]
[BlackTeam "Dallas Destiny"]
[WhiteFideId "2606771"]
[BlackFideId "2034387"]
[EventDate "2019.01.08"]

1. Nf3 d5 2. g3 Bg4 3. Bg2 Nd7 4. O-O e6 5. d3 Bd6 6. c4 c6 7. Qb3 Qc7 8. cxd5
exd5 9. Nc3 Ngf6 10. e4 dxe4 11. dxe4 O-O 12. Qc2 Rfe8 13. h3 Bh5 14. Nh4 Bc5
15. Kh2 Rad8 16. f4 Nb6 17. e5 Nfd5 18. Ne4 Be7 19. Nf5 Nb4 20. Nxe7+ Rxe7 21.
Qc3 N4d5 22. Qb3 Be2 23. Re1 Bc4 24. Qa3 h6 25. Bd2 Bb5 26. b3 Nc8 27. Rac1 Ree8
28. Qb2 Nde7 29. a4 Bd3 30. Nc5 Bh7 31. e6 Nd5 32. b4 Bf5 33. b5 Bxe6 34. bxc6
bxc6 35. Qc2 Bd7 36. Nxd7 Qxd7 37. Rxe8+ Qxe8 38. Qxc6 Qe2 39. Ba5 Ncb6 40. Re1
Qb2 41. Bxb6 Nxb6 42. Re8+ Rxe8 43. Qxe8+ Kh7 44. a5 Qa2 45. axb6 axb6 46. f5
Qb3 47. Qe4 f6 48. Qe6 Qc2 49. h4 b5 50. Kh3 b4 51. Bd5 1-0